000 00356nam a2200145Ia 4500
008 210210b1995 xxu||||| |||| 00| 0 eng d
082 _a820.33 ANAU
100 _aANAND (Mulk Raj)
245 _aUntouchable
260 _aMysore
_bGeetha Book House
_c1995
300 _a158
650 _aUntouchable
690 _aIndian English Fiction
906 _a058441
999 _c105501
_d105501